000
00293nam a22001457a 4500
003
SGT
082
_a
611
_b
A15D
100
_a
DARKE,RICHARRD L.
245
_a
ANATOMY FOR STUDENTS
250
_a
3RD
260
_a
DELHI
_b
ELSEVIER
_c
2015
300
_a
1161
650
_a
ANATOMY
942
_2
ddc
_c
BK
999
_c
8513
_d
8513